El ateísmo contemporáneo
Guardat en:
| Autor corporatiu: | |
|---|---|
| Format: | Llibre |
| Idioma: | espanyol |
| Publicat: |
Madrid
Cristiandad
1971
|
| Matèries: | |
| Etiquetes: |
Afegir etiqueta
Sense etiquetes, Sigues el primer a etiquetar aquest registre!
|
MARC
| LEADER | 00000nam a2200000 a 4500 | ||
|---|---|---|---|
| 001 | UCX1934 | ||
| 003 | CL-VaPUC | ||
| 008 | 901127e19710000SP |||||||||||||||||spa|d | ||
| 082 | 0 | 4 | |a 211.8 |b UNI |2 21 |
| 110 | 2 | |a Universidad Pontificia Salesiana de Roma |e author |9 317646 | |
| 245 | 1 | 3 | |a El ateísmo contemporáneo |
| 300 | |a 4 v | ||
| 942 | |c BK | ||
| 945 | |d 19901127 00:00:00 | ||
| 260 | |a Madrid |b Cristiandad |c 1971 | ||
| 500 | |a v.1 t.1-2: El ateísmo en la vida y en la cultura contemporánea | ||
| 500 | |a v.2: El ateísmo en la filosofía contemporánea: corrientes y pensadores | ||
| 500 | |a v.3: El ateísmo y los grandes problemas del hombre | ||
| 500 | |a v.4: El cristianismo frente al ateísmo | ||
| 650 | 0 | |a Ateísmo |9 265671 | |
| 583 | |a last modification |c 19901127 00:00:00 |k Rodrigo Vera | ||
| 999 | |c 223061 |d 223059 | ||
| 952 | |0 0 |1 0 |4 0 |6 211_800000000000000_UNI_1971 |7 0 |8 P |9 218486 |a BIBEDU |b BIBEDU |c BIBEDU_PB |d 2019-11-15 |h v.1 t.1 |i 2873095 |o 211.8 UNI 1971 |p 2873095 |r 2024-01-25 |w 2019-11-15 |y BK |k FIL | ||
| 952 | |0 0 |1 0 |4 0 |6 211_800000000000000_UNI_1971 |7 0 |8 P |9 218487 |a BIBEDU |b BIBEDU |c BIBEDU_PB |d 2019-11-15 |h v.1 t.2 |i 2873109 |o 211.8 UNI 1971 |p 2873109 |r 2024-01-25 |w 2019-11-15 |y BK |k FIL | ||
| 952 | |0 0 |1 0 |4 0 |6 211_800000000000000_UNI_1971 |7 0 |8 P |9 218488 |a BIBEDU |b BIBEDU |c BIBEDU_PB |d 2019-11-15 |h v.2 |i 2873117 |o 211.8 UNI 1971 |p 2873117 |r 2024-01-25 |w 2019-11-15 |y BK |k FIL | ||
| 952 | |0 0 |1 0 |4 0 |6 211_800000000000000_UNI_1971 |7 0 |8 P |9 218489 |a BIBEDU |b BIBEDU |c BIBEDU_PB |d 2019-11-15 |h v.3 |i 2873125 |o 211.8 UNI 1971 |p 2873125 |r 2024-01-25 |w 2019-11-15 |y BK |k FIL | ||
| 952 | |0 0 |1 0 |4 0 |6 211_800000000000000_UNI_1971 |7 0 |8 P |9 218490 |a BIBEDU |b BIBEDU |c BIBEDU_PB |d 2019-11-15 |h v.4 |i 2873133 |o 211.8 UNI 1971 |p 2873133 |r 2024-01-25 |w 2019-11-15 |y BK |k FIL | ||
| 952 | |0 0 |1 0 |4 0 |6 211_800000000000000_UNI_1971 |7 0 |8 A |9 218491 |a BIBTEO |b BIBTEO |d 2019-11-15 |h v.1 t.1 |i 2077108 |o 211.8 UNI 1971 |p 2077108 |r 2025-01-17 |w 2019-11-15 |y BK |k ICR | ||
| 952 | |0 0 |1 0 |4 0 |6 211_800000000000000_UNI_1971 |7 0 |8 A |9 218492 |a BIBTEO |b BIBTEO |d 2019-11-15 |h v.1 t.2 |i 2077116 |o 211.8 UNI 1971 |p 2077116 |r 2025-01-17 |w 2019-11-15 |y BK |k ICR | ||
| 952 | |0 0 |1 0 |4 0 |6 211_800000000000000_UNI_1971 |7 0 |8 A |9 218493 |a BIBTEO |b BIBTEO |d 2019-11-15 |h v.2 |i 2077124 |o 211.8 UNI 1971 |p 2077124 |r 2025-01-17 |w 2019-11-15 |y BK |k ICR | ||
| 952 | |0 0 |1 0 |4 0 |6 211_800000000000000_UNI_1971 |7 0 |8 A |9 218494 |a BIBTEO |b BIBTEO |d 2019-11-15 |h v.3 |i 2077132 |o 211.8 UNI 1971 |p 2077132 |r 2025-01-17 |w 2019-11-15 |y BK |k ICR | ||
| 952 | |0 0 |1 0 |4 0 |6 211_800000000000000_UNI_1971 |7 0 |8 A |9 218495 |a BIBTEO |b BIBTEO |d 2019-11-15 |h v.4 |i 4108809 |o 211.8 UNI 1971 |p 4108809 |r 2025-01-17 |w 2019-11-15 |y BK |k ICR | ||